000 00338nam a22001337a 4500
008 190305b xxu||||| |||| 00| 0 eng d
020 _a0137340796
041 _aeng
080 _a159.9
100 _a49
101 _aPSI
245 _aPsychology in Contemporary Sport: Guidelines for coaches and athletes
_cCratty,B.J
942 _2udc
_cBK
999 _c54450
_d54450